| 000 | 00819nam a2200265Ia 4500 | ||
|---|---|---|---|
| 008 | 160803s9999 xx 000 0 und d | ||
| 020 | _a9780439588980 | ||
| 100 | _aBruchac, Joseph | ||
| 245 | 4 | _aThe Trail of Tears / | |
| 245 | _cby Joseph Bruchac ; illustrated by Diana Magnuson. | ||
| 260 | _aNew York : | ||
| 260 | _bScholastic Inc. | ||
| 260 | _c1999 | ||
| 300 | _a46 pages : | ||
| 300 | _bcolor illustrations, color map ; | ||
| 300 | _c23 cm. | ||
| 500 | _aOriginally published: New York : Random House, 1999. | ||
| 650 | _aCherokee Indians -- History -- 19th century -- | ||
| 650 | _aCherokee Indians -- Relocation -- | ||
| 650 | _aTrail of Tears, 1838-1839 -- | ||
| 650 | _xJuvenile literature. | ||
| 650 | _xJuvenile literature. | ||
| 650 | _xJuvenile literature. | ||
| 700 | _a610 | ||
| 999 |
_c299945 _d299945 |
||